| 000 | 01187nab a22002537a 4500 | ||
|---|---|---|---|
| 999 |
_c5548 _d5548 |
||
| 003 | OSt | ||
| 005 | 20251215162026.0 | ||
| 008 | 190429b xxu||||| |||| 00| 0 spa d | ||
| 040 | _cPJ | ||
| 100 |
_96526 _aAboso, Gustavo E. |
||
| 245 | 1 | 0 |
_aDelito de contacto telemático con menores de edad con fines sexuales (child grooming). Apuntes para una necesaria reforma penal / _cGustavo E. Aboso. |
| 260 |
_cCiudad Autónoma de Buenos Aires : _aThomson Reuters La Ley, _b2025. |
||
| 300 | _ap. 151-180 | ||
| 500 | _aCita: AR/DOC/2226/2023. | ||
| 505 | _aSumario: I. Introducción.— II. El delito de contacto telemático con menores de edad con fin predominantemente sexual.— III. Propuesta de reforma. | ||
| 505 | _tSi te interesa el texto completo, solicitalo a koha@justierradelfuego.gov.ar | ||
| 650 | 0 |
_9343 _aDERECHO PENAL |
|
| 650 | 0 |
_92902 _aDELITOS CONTRA LA INTEGRIDAD SEXUAL |
|
| 650 | 0 |
_94857 _aGROOMING |
|
| 650 | 0 |
_92903 _aABUSO SEXUAL |
|
| 650 | 0 |
_96081 _aCIENCIA Y TECNOLOGÍA |
|
| 773 | 0 |
_02658 _93164 _tRevista de derecho penal y criminología. Nº 3 - Abril 2024 _dCiudad Autónoma de Buenos Aires : Thomson Reuters La Ley, 2017- _x00347914 |
|
| 942 |
_2udc _cANA |
||